| 000 | 00742aab a2200289a 44500 | ||
|---|---|---|---|
| 008 | 000328s1985 cat | ||
| 041 | _acat | ||
| 041 | _beng | ||
| 041 | _bfre | ||
| 080 | _a159.964.2(038) | ||
| 100 |
_aEsteve, Josep Oriol _969405 |
||
| 245 | _aEl vocabulari català de la psicoanàlisi | ||
| 245 | _cJosep Oriol Esteve | ||
| 260 | _c1985 | ||
| 300 | _ap. 115-126 | ||
| 520 | _aaprox. 380 | ||
| 592 | _aObra terminològica | ||
| 593 | _aRA | ||
| 650 |
_apsicoanàlisi _961463 |
||
| 773 | _gVol. 2 (<1985>), núm 1 | ||
| 773 | _tRevista catalana de psicoanàlisi | ||
| 901 | _c(<1985>) | ||
| 902 | _a000328 | ||
| 942 |
_cAS _n0 |
||
| 999 |
_c58777 _d58777 |
||